header

Vehicle dynamics estimation using Kalman filtering (Record no. 76976)

MARC details
000 -LEADER
fixed length control field 01372nam a2200325 a 4500
245 00 - TITLE STATEMENT
Title Vehicle dynamics estimation using Kalman filtering
260 ## - PUBLICATION, DISTRIBUTION, ETC. (IMPRINT)
Place of publication London :
Name of publisher ISTE ;
Place of publication Hoboken, N.J. :
Name of publisher John Wiley and Sons Inc,
Year of publication 2013.
300 ## - PHYSICAL DESCRIPTION
Number of Pages xxii, 239 p. :
Other physical details ill.
490 0# - SERIES STATEMENT
Series statement Automation - control and industrial engineering series
650 #0 - SUBJECT ADDED ENTRY--TOPICAL TERM
Topical Term Motor vehicles
Topical Term Kalman filtering.
700 1# - ADDED ENTRY--PERSONAL NAME
Personal name Doumiati, Moustapha.
Personal name Dubuisson, Bernard.
856 40 - ELECTRONIC LOCATION AND ACCESS
Uniform Resource Identifier http://site.ebrary.com/lib/rucke/Doc?id=10657663

No items available.

© 2026 Rongo University
Contact us: librarian | system librarian | Rongo university